000 00618nam a2200181Ia 4500
003 GCL
008 140319s9999 xx 000 0 ara d
040 _aGCL /
_cGCL
082 0 4 _a212.1
_bأ أ
100 1 _aابوالنصر مبشر الطرازى الحسينى
245 1 0 _aالاخلاق فى الاسلام /
_cابوالنصر مبشر الطرازى الحسينى
260 _aالقاهرة :
_bالهيئة المصرية العامة للكتاب ،
_c1987
300 _a173 ص ؛
_c42 سم
650 0 4 _aالاسلام
650 0 4 _aالاخلاق
650 0 4 _aالديانات
942 _2ddc
_cBK
999 _c29252
_d29252